Задачи и упражнения для самоконтроля по органической химии: учебное пособие

التفاصيل البيبلوغرافية
مؤلفون آخرون: Горленко В. А. Валентина Андреевна, Гаверова Ю. Г. Юлия Геннадьевна, Иванов В. Г. Виталий Георгиевич, Конин Д. Н. Дмитрий Николаевич, Коничева А. П. Александра Петровна
الملخص:В пособии весь материал разделен на главы, каждая из которых соответствует определенной теме курса органической химии и включает вопросы по номенклатуре и изомерии, электронному строению, способам получения и химическим свойствам органических соединений соответствующего класса. Особое внимание уделено связи строения соединений с их реакционной способностью и механизмам реакций. В большинстве глав даны задачи, касающиеся качественных реакций соединений отдельных классов. Ответы и пояснения сформулированы по возможности в общем виде, что позволяет избежать автоматического запоминания конкретных ответов. Для студентов химических и биолого-химических факультетов педагогических вузов.
اللغة:الروسية
منشور في: Москва, КолосС, 2009
سلاسل:Для педагогических вузов
الموضوعات:
التنسيق: MixedMaterials كتاب
KOHA link:https://koha.lib.tpu.ru/cgi-bin/koha/opac-detail.pl?biblionumber=176626

MARC

LEADER 00000nam0a2200000 4500
001 176626
005 20231101223305.0
010 |a 9785953206297 
035 |a (RuTPU)RU\TPU\book\191518 
090 |a 176626 
100 |a 20100302d2009 m y0rusy50 ca 
101 0 |a rus 
102 |a RU 
105 |a y j 001zy 
200 1 |a Задачи и упражнения для самоконтроля по органической химии  |e учебное пособие  |f В. А. Горленко [и др.] 
210 |a Москва  |c КолосС  |d 2009 
215 |a 484 с. 
225 1 |a Для педагогических вузов 
320 |a Библиогр.: с. 483. 
330 |a В пособии весь материал разделен на главы, каждая из которых соответствует определенной теме курса органической химии и включает вопросы по номенклатуре и изомерии, электронному строению, способам получения и химическим свойствам органических соединений соответствующего класса. Особое внимание уделено связи строения соединений с их реакционной способностью и механизмам реакций. В большинстве глав даны задачи, касающиеся качественных реакций соединений отдельных классов. Ответы и пояснения сформулированы по возможности в общем виде, что позволяет избежать автоматического запоминания конкретных ответов. Для студентов химических и биолого-химических факультетов педагогических вузов. 
606 1 |a Органическая химия  |2 stltpush  |3 (RuTPU)RU\TPU\subj\47309  |9 66362 
610 1 |a задачи 
610 1 |a упражнения 
610 1 |a предельные углеводороды 
610 1 |a алкены 
610 1 |a этиленовые углеводороды 
610 1 |a ацетиленовые углеводороды 
610 1 |a алкины 
610 1 |a каучуки 
610 1 |a диеновые углеводороды 
610 1 |a алифатические углеводороды 
610 1 |a галогенопроизводные 
610 1 |a спирты 
610 1 |a эфиры 
610 1 |a минеральные кислоты 
610 1 |a серосодержащие соединения 
610 1 |a альдегиды 
610 1 |a кетоны 
610 1 |a кислоты 
610 1 |a жиры 
610 1 |a амины 
610 1 |a аминокислоты 
610 1 |a алициклы 
610 1 |a терпены 
610 1 |a моносахариды 
610 1 |a дисахариды 
610 1 |a ароматические соединения 
610 1 |a фенолы 
610 1 |a гетероциклы 
610 1 |a учебные пособия 
675 |a 547(076)  |v 3 
701 1 |a Горленко  |b В. А.  |g Валентина Андреевна 
701 1 |a Гаверова  |b Ю. Г.  |g Юлия Геннадьевна 
701 1 |a Иванов  |b В. Г.  |g Виталий Георгиевич 
701 1 |a Конин  |b Д. Н.  |g Дмитрий Николаевич 
701 1 |a Коничева  |b А. П.  |g Александра Петровна 
801 1 |a RU  |b 63413507  |c 20100302 
801 2 |a RU  |b 63413507  |c 20150521  |g RCR 
942 |c BK 
959 |a 10/20100302  |d 2  |e 0  |f АНЛ:1  |f ЧЗТЛ:1